000 00832nam a2200313 a 4500
003 AR-BaBNM
005 20251128210148.0
008 082120s2002 ||||||||||||||000 | spa||
020 _a950-13-2301-3
040 _cAR-BaBNM
100 1 _aBorges, Jorge Luis
245 0 0 _aBorges
_bcuentos
260 _aBuenos Aires
_bKapelusz
_c1998
300 _a200 p.
_bil.
490 0 _aGrandes obras de la literatura universal
500 _aContiene referencias bibliográficas en p. 195
650 4 _aLITERATURA ARGENTINA
650 4 _aANTOLOGIAS
650 4 _aESCRITORES
650 4 _aCRIOLLISMO
653 _aNARRATIVA
653 _aCUENTO FANTASTICO
653 _aINFLUENCIA CLASICA
653 _aCUENTO POLICIAL
655 _aLITERATURA
700 1 _aRenard, María Adela
_eeditor
942 _cBK
998 _cMARTIN
999 _c14318
_d14318